000 00531cam a22002171 4500
001 sa 65007637
003 DLC
005 20260227112150.0
008 891226s1965 ii 000 0 hino
010 _asa 65007637
035 _a(OCoLC)20820142
040 _aDLC
_cWaU
_dDLC
042 _apremarc
050 0 0 _aPK1939
_b.S54
100 1 _aSiṃha, Suśīlakumāra.
245 1 0 _aBhāshāloka.
260 _c[1965]
300 _a3, 3, 2, 8, 369, 4 p.
_c19 cm.
500 _aIn Hindi.
650 0 _aHindi language
_xRhetoric.
999 _c65261
_d65261